| 000 | 00978nam a22002777a 4500 | ||
|---|---|---|---|
| 001 | 9770 | ||
| 003 | FISKH | ||
| 005 | 20260213112903.0 | ||
| 008 | 260213b cb ||||| |||| 00| 0 eng d | ||
| 020 | _a9781574719215 | ||
| 040 |
_aFISKH _beng _cFISKH _dFISKH |
||
| 082 | _a420 | ||
| 100 | _aWilliams , Rozanne Lanczak | ||
| 245 |
_aThis is my world / _cWritten by Rozanne Lanczak Williams : Illustrated by Drew Rose |
||
| 260 |
_aCalifornia : _bCreative Teaching Press , _c2002 . |
||
| 300 |
_a8 pages : _bcolor illustrations ; _c16 X 23 cm . |
||
| 490 | _aSight Word Readers | ||
| 505 | _aA | ||
| 520 | _aSimple text and color illustrations follow two explorers as they discover the forest, a mountain, the ocean, the desert, the jungle, and a lake. | ||
| 521 | 8 |
_a80 BR
_bLexile |
|
| 521 | 8 |
_aA
_bRaz-Plus |
|
| 650 |
_aHigh frequency words _vNon-fiction |
||
| 700 |
_aRose , Drew _eIllustrator |
||
| 942 |
_2ddc _cBK _n0 |
||
| 999 |
_c9770 _d9770 |
||